Подробности
| 000 -МАРКЕР |
| контрольное поле |
01776nam0a2200385 4500 |
| 001 - ИДЕНТИФИКАТОР ЗАПИСИ |
| контрольное поле |
RU\NLR\bibl\71534 |
| 005 - ИДЕНТИФИКАТОР ВЕРСИИ |
| контрольное поле |
20260406055134.0 |
| 010 ## - МЕЖДУНАРОДНЫЙ СТАНДАРТНЫЙ НОМЕР КНИГИ (ISBN) |
| Номер (ISBN) |
5-260-00831-6 |
| Тираж |
10000 |
| 021 ## - НОМЕР ГОСУДАРСТВЕННОЙ РЕГИСТРАЦИИ |
| Код страны |
Российская Федерация |
| Номер |
1999-41392 |
| Номер Листа государственной регистраци |
2038 |
| 035 ## - ДРУГИЕ СИСТЕМНЫЕ НОМЕРА |
| Идентификатор записи |
(NLR Aleph) 000069796 |
| 100 ## - ДАННЫЕ ОБЩЕЙ ОБРАБОТКИ |
| Данные общей обработки |
20000222d1999 |||y0rusy50 ca |
| 101 0# - ЯЗЫК РЕСУРСА |
| Язык текста, звукозаписи и т.д. |
русский |
| 102 ## - СТРАНА ПУБЛИКАЦИИ ИЛИ ПРОИЗВОДСТВА |
| Страна публикации |
Российская Федерация |
| 105 ## - ПОЛЕ КОДИРОВАННЫХ ДАННЫХ: ТЕКСТОВЫЕ МАТЕРИАЛЫ, МОНОГРАФИЧЕСКИЕ |
| Кодированные данные о монографическом текстовом документе |
a ||||||||| |
| 200 1# - ЗАГЛАВИЕ И СВЕДЕНИЯ ОБ ОТВЕТСТВЕННОСТИ |
| Основное заглавие |
Календарь пчеловода |
| Первые сведения об ответственности |
Г.Л. Билаш, Н.И. Кривцов, В.И. Лебедев |
| 210 ## - ПУБЛИКАЦИЯ, РАСПРОСТРАНЕНИЕ И ДР. |
| Место издания, распространения и т.д. |
М. |
| Имя издателя, распространителя и т. д. |
Нива России |
| -- |
ТЕТРА-К |
| Дата издания, распространения и т.д. |
1999 |
| 215 ## - ФИЗИЧЕСКАЯ ХАРАКТЕРИСТИКА |
| Специфическое обозначение материала и объем |
253 с. |
| Другие сведения о физической характеристике |
ил. |
| Размеры |
20 |
| 225 1# - СЕРИЯ |
| Основное заглавие серии |
Домоводство |
| 300 ## - ОБЩИЕ ПРИМЕЧАНИЯ |
| Текст примечания |
На обороте тит. л. авт.: Г.Д. Билаш, засл. зоотехник РФ, к.б.н., Н.И. Кривцов, В.И. Лебедев, профессора, д-ра с.-х. наук |
| 300 ## - ОБЩИЕ ПРИМЕЧАНИЯ |
| Текст примечания |
В вып. дан. 1-й авт.: Билаш Георгий [!] Дмитриевич [!] |
| 320 ## - ПРИМЕЧАНИЯ О НАЛИЧИИ В ДОКУМЕНТЕ БИБЛИОГРАФИИ / УКАЗАТЕЛЯ |
| Текст примечания |
Библиогр. в подстроч. прим. |
| 606 0# - НАИМЕНОВАНИЕ ТЕМЫ КАК ПРЕДМЕТ |
| Наименование темы |
Пчеловодство |
| Формальный подзаголовок |
Календари |
| Системный номер авторитетной/нормативной записи |
998796 |
| Идентификатор авторитетной/нормативной записи |
RU\NLR\auth\6660675 |
| 686 ## - ИНДЕКСЫ ДРУГИХ КЛАССИФИКАЦИЙ |
| Индекс |
П691я25 |
| 700 #1 - ИМЯ ЛИЦА - ПЕРВИЧНАЯ ОТВЕТСТВЕННОСТЬ |
| Код отношения |
Автор |
| Материалы, к которым относится поле |
rus |
| Графика поля |
Кириллица |
| Начальный элемент ввода |
Билаш |
| Часть имени, кроме начального элемента ввода |
Г. Д. |
| Расширение инициалов личного имени |
Григорий Данилович |
| Идентификатор авторитетной/нормативной записи |
RU\NLR\auth\779558 |
| Системный номер авторитетной/нормативной записи |
119382 |
| 701 #1 - ИМЯ ЛИЦА - АЛЬТЕРНАТИВНАЯ ОТВЕТСТВЕННОСТЬ |
| Код отношения |
Автор |
| Графика поля |
Кириллица |
| Материалы, к которым относится поле |
rus |
| Начальный элемент ввода |
Кривцов |
| Часть имени, кроме начального элемента ввода |
Н. И. |
| Дополнения к именам, кроме дат |
д-р с.-х. наук |
| Даты |
1945-2011 |
| Расширение инициалов личного имени |
Николай Иванович |
| Системный номер авторитетной/нормативной записи |
246363 |
| Идентификатор авторитетной/нормативной записи |
RU\NLR\AUTH\770246419 |
| 701 #1 - ИМЯ ЛИЦА - АЛЬТЕРНАТИВНАЯ ОТВЕТСТВЕННОСТЬ |
| Код отношения |
Автор |
| Материалы, к которым относится поле |
rus |
| Графика поля |
Кириллица |
| Начальный элемент ввода |
Лебедев |
| Часть имени, кроме начального элемента ввода |
В. И. |
| Даты |
1950- |
| Дополнения к именам, кроме дат |
д-р с.-х. наук, пчеловодство |
| Расширение инициалов личного имени |
Вячеслав Иванович |
| Идентификатор авторитетной/нормативной записи |
RU\NLR\auth\7731558 |
| Системный номер авторитетной/нормативной записи |
14568 |
| 801 #0 - ИСТОЧНИК ЗАПИСИ |
| Страна |
Российская Федерация |
| Организация |
NLR |
| Дата составления |
20000222 |
| Правила каталогизации |
PSBO |
| 801 #1 - ИСТОЧНИК ЗАПИСИ |
| Страна |
Российская Федерация |
| Организация |
NLR |
| Дата составления |
20000222 |
| 830 ## - ОБЩЕЕ ПРИМЕЧАНИЕ, СОСТАВЛЕННОЕ КАТАЛОГИЗАТОРОМ |
| Текст примечания |
авт.по кн. |
| 852 ## - МЕСТОНАХОЖДЕНИЕ И ШИФР ХРАНЕНИЯ |
| Идентификатор организации |
NLR |
| Шифр хранения (Call Number) |
99-3/19215 |
| 942 ## - ДОПОЛНИТЕЛЬНЫЕ ЭЛЕМЕНТЫ ЗАПИСИ (АБИС) |
| Тип экземпляра АБИС |
Книга |
| 980 ## - КОЛЛЕКЦИЯ |
| Название коллекции |
Национальная библиография |